| 000 | 06642cam a22020294i 4500 | ||
|---|---|---|---|
| 003 | PE-LiUPU | ||
| 005 | 20250813165922.0 | ||
| 008 | 150707s2009 sp a rb 000 spa | ||
| 020 | _a9788420011240 | ||
| 035 | _a(Sirsi) i9788420011240 | ||
| 035 | _a(Sirsi) 50680 | ||
| 035 | _a(Sirsi) 50680 | ||
| 040 |
_dPE-LiUPU _erda |
||
| 041 | 1 |
_aspa _heng |
|
| 082 | 0 | 4 |
_a664 _bS57 _220 |
| 100 | 1 |
_aSingh, R. Paul, _eautor. |
|
| 245 | 1 | 0 |
_aIntroducción a la ingeniería de los alimentos / _cR. Paul Singh, Dennis R. Heldman ; traducción de Jesús Ceamanos Lavilla. |
| 250 | _aSegunda edición. | ||
| 264 | 1 |
_aZaragoza : _bAcribia, _c2009. |
|
| 300 |
_axviii, 551 páginas : _bilustraciones ; _c27 centímetros. |
||
| 504 | _aBibliografía al final de los capítulos. | ||
| 505 | 0 | _aIntroducción -- Flujo de fluidos en el procesamiento de alimentos -- Energía en el procesado de alimentos -- Transmisión de calor en el procesado de alimentos -- Procesos de conservación -- Refrigeración -- Congelación de alimentos -- Evaporación -- Psicrometría -- Transferencia de masa -- Separaación de membranas -- Deshidratación. | |
| 526 | _aP203 | ||
| 526 | _aP200 | ||
| 526 | _aSEG65 | ||
| 526 | _aSEG64 | ||
| 526 | _aSEG63 | ||
| 526 | _aSEG62 | ||
| 526 | _aSEG61 | ||
| 526 | _aSEG60 | ||
| 526 | _aSEG59 | ||
| 526 | _aSEG58 | ||
| 526 | _aSEG57 | ||
| 526 | _aSEG56 | ||
| 526 | _aSEG55 | ||
| 526 | _aSEG54 | ||
| 526 | _aSEG53 | ||
| 526 | _aSEG52 | ||
| 526 | _aSEG51 | ||
| 526 | _aSEG50 | ||
| 526 | _aSEG49 | ||
| 526 | _aSEG48 | ||
| 526 | _aSEG47 | ||
| 526 | _aSEG46 | ||
| 526 | _aSEG24 | ||
| 526 | _aSEG23 | ||
| 526 | _aSEG22 | ||
| 526 | _aSEG21 | ||
| 526 | _aSEG20 | ||
| 526 | _aSEG19 | ||
| 526 | _aSEG18 | ||
| 526 | _aSEG17 | ||
| 526 | _aSEG16 | ||
| 526 | _aSEG14 | ||
| 526 | _aSEG13 | ||
| 526 | _aSEG12 | ||
| 526 | _aSEG11 | ||
| 526 | _aSEG10 | ||
| 526 | _aSEG09 | ||
| 526 | _aSEG06 | ||
| 526 | _aSEG05 | ||
| 526 | _aSEG04 | ||
| 526 | _aSEG03 | ||
| 526 | _aSEG02 | ||
| 526 | _aSEG68 | ||
| 526 | _aSEG66 | ||
| 526 | _aSEG45 | ||
| 526 | _aSEG25 | ||
| 526 | _aSEG01 | ||
| 526 | _aP163 | ||
| 526 | _aP162 | ||
| 526 | _aP161 | ||
| 526 | _aP160 | ||
| 526 | _aP159 | ||
| 526 | _aP158 | ||
| 526 | _aP157 | ||
| 526 | _aP156 | ||
| 526 | _aP155 | ||
| 526 | _aP154 | ||
| 526 | _aP153 | ||
| 526 | _aP152 | ||
| 526 | _aP151 | ||
| 526 | _aP150 | ||
| 526 | _aP149 | ||
| 526 | _aP142 | ||
| 526 | _aP141 | ||
| 526 | _aP140 | ||
| 526 | _aP139 | ||
| 526 | _aP138 | ||
| 526 | _aP137 | ||
| 526 | _aP132 | ||
| 526 | _aP131 | ||
| 526 | _aP130 | ||
| 526 | _aP126 | ||
| 526 | _aP125 | ||
| 526 | _aP124 | ||
| 526 | _aP123 | ||
| 526 | _aP115 | ||
| 526 | _aP122 | ||
| 526 | _aP121 | ||
| 526 | _aP116 | ||
| 526 | _a P114 | ||
| 526 | _aP112 | ||
| 526 | _aP111 | ||
| 526 | _aP104 | ||
| 526 | _aP103 | ||
| 526 | _aP102 | ||
| 526 | _aP101 | ||
| 526 | _aP100 | ||
| 526 | _aP96 | ||
| 526 | _aP95 | ||
| 526 | _aP93 | ||
| 526 | _aP92 | ||
| 526 | _aP91 | ||
| 526 | _aP88 | ||
| 526 | _aP83 | ||
| 526 | _aP82 | ||
| 526 | _aP79 | ||
| 526 | _aP78 | ||
| 526 | _aP75 | ||
| 526 | _aP74 | ||
| 526 | _aP71 | ||
| 526 | _aP69 | ||
| 526 | _a P51 | ||
| 526 | _aP49 | ||
| 526 | _aP48 | ||
| 526 | _aP47 | ||
| 526 | _aP33 | ||
| 526 | _aP31 | ||
| 526 | _a P30 | ||
| 526 | _aP29 | ||
| 526 | _aP27 | ||
| 526 | _aP26 | ||
| 526 | _aP25 | ||
| 526 | _aP24 | ||
| 526 | _a P22 | ||
| 526 | _aP10 | ||
| 526 | _aP09 | ||
| 526 | _a P08 | ||
| 526 | _aP06 | ||
| 526 | _aP05 | ||
| 526 | _aP04 | ||
| 526 | _aP01 | ||
| 534 |
_pTítulo original : _tTítulo original: Introduction to food engineering 3ra edición. |
||
| 541 | _g002-00000192; | ||
| 541 | _gF002-00000769; | ||
| 650 | 1 | 4 |
_aTecnología de alimentos. _93263 |
| 700 | 1 |
_aHeldman, Dennis R. _ecoautor. |
|
| 700 | 1 |
_aCeamanos Lavilla, Jesús, _etraductor. |
|
| 859 |
_q67435 _h664 _iS57 |
||
| 910 |
_agl _b _cjck _d20130606 |
||
| 910 |
_atqv _crmch _d20170720 |
||
| 910 |
_adbm _bncf _cncf _d20180712 |
||
| 910 |
_adbm _bksl _cksl _d20181212 |
||
| 942 |
_2ddc _cBOOK |
||
| 949 |
_a664 S57 _i67435 _lCCODEBUL1 _mBUL _tLIBRO _o.STAFF. Colección General |
||
| 949 |
_a664 S57 _i69475 _lCCODEBUL1 _mBUL _tLIBRO _o.STAFF. Colección General |
||
| 949 |
_a664 S57 2009 _wDEWEY _c1 _iFJ08113 _lCCODEBUJ1 _mBUJ _p100.00 _r0 _sY _tBOOK _u2017-07-20 _xINGENIERIA _PP26 _0COMPRA _o.STAFF. Colección General Juliaca |
||
| 949 |
_a664 S57 2009 _wDEWEY _c2 _iFJ08114 _lCCODEBUJ1 _mBUJ _p100.00 _r0 _sY _tBOOK _u2017-07-20 _xINGENIERIA _PP26 _0COMPRA _o.STAFF. Colección General Juliaca |
||
| 949 |
_a664 S57 2009 _wDEWEY _c3 _iFJ08115 _lCCODEBUJ1 _mBUJ _p100.00 _r0 _sY _tBOOK _u2017-07-20 _xINGENIERIA _PP26 _0COMPRA _o.STAFF. Colección General Juliaca |
||
| 596 | _a1 3 | ||
| 999 |
_a664 S57 _wDEWEY _c55091 _i67435 _d55091 _e2019-10-10 _f2021-11-9 _g7 _lCCODEBUL1 _mBUL _n4 _p100.00 _q4 _r0 _sY _tBOOK _u2015-7-6 _xINGENIERIA _PP26 _0COMPRA _o.STAFF. Colección General |
||
| 999 |
_a664 S57 _wDEWEY _c2 _i69475 _d2019-10-15 _e2019-10-15 _f2021-11-9 _g7 _lCCODEBUL1 _mBUL _n11 _p102.00 _q1 _r0 _sY _tBOOK _u2015-7-6 _xINGENIERIA _PP26 _0COMPRA _o.STAFF. Colección Ingenieria y Arquitectura |
||
| 999 |
_a664 S57 _wDEWEY _c3 _i78994 _d2019-11-12 _e2019-10-15 _f2021-11-9 _g4 _lCCODEBUL1 _mBUL _n1 _p91.89 _q3 _r0 _sY _tBOOK _u2018-7-12 _xINGENIERIA _PP26 _0COMPRA _1FCOMPRA _o.STAFF. Colección Ingeniería y Arquitectura |
||
| 999 |
_a664 S57 _wDEWEY _c4 _i79587 _d2019-10-16 _e2019-10-16 _f2021-11-9 _g4 _lCCODEBUL1 _mBUL _n4 _p89.69 _r0 _sY _tBOOK _u2018-12-12 _xINGENIERIA _PP26 _0COMPRA _1FCOMPR2 _o.STAFF. Colección Ingeniería y Arquitectura |
||
| 999 |
_a664 S57 2009 _wDEWEY _c1 _iFJ08113 _f2022-2-1 _g4 _lCCODEBUJ1 _mBUJ _p100.00 _r0 _sY _tBOOK _u2017-7-20 _xINGENIERIA _PP26 _0COMPRA _o.STAFF. Colección General Juliaca |
||
| 999 |
_a664 S57 2009 _wDEWEY _c2 _iFJ08114 _f2022-2-1 _g4 _lCCODEBUJ1 _mBUJ _p100.00 _r0 _sY _tBOOK _u2017-12-29 _xINGENIERIA _PP26 _0COMPRA _o.STAFF. Colección General Juliaca |
||
| 999 |
_a664 S57 2009 _wDEWEY _c3 _iFJ08115 _d2019-12-4 _f2022-2-1 _g4 _lCCODEBUJ1 _mBUJ _p100.00 _q2 _r0 _sY _tBOOK _u2017-12-29 _xINGENIERIA _PP26 _0COMPRA _o.STAFF. Colección General Juliaca |
||
| 980 |
_81 _gALBERTO SANCHEZ Responsable de Automatización |
||